[Event "EIRCC 2019"]
[Site "Tallinn"]
[Date "2019.12.06"]
[Round "11.22"]
[White "Sanz Wawer, Daniel"]
[Black "Dragnev, Valentin"]
[Result "1/2-1/2"]
[WhiteElo "2103"]
[BlackElo "2380"]
[Annotator "RC"]
[PlyCount "212"]
[EventDate "2019.12.05"]
[EventType "swiss"]
[EventCountry "EST"]
[SourceTitle "playchess.com"]
[Source "ChessBase"]
[SourceQuality "1"]
[TimeControl "900+10"]

1. d4 {[%emt 0:00:00]} Nf6 {[%emt 0:00:00]} 2. c4 {[%emt 0:00:00]} e6 {[%emt 0:00:00]} 3. Nc3 {[%emt 0:00:00]} d5 {[%emt 0:00:04]} 4. Bf4 {[%emt 0:00:02]} c5 {[%emt 0:00:06]} 5. e3 {[%emt 0:00:11]} cxd4 {[%emt 0:00:05]} 6. exd4 {[%emt 0:00:08]} Nc6 {[%emt 0:00:04]} 7. Nf3 {[%emt 0:00:14]} Be7 {[%emt 0:00:27]} 8. Bd3 {[%emt 0:00:26]} dxc4 {[%emt 0:00:02]} 9. Bxc4 {[%emt 0:00:02]} O-O {[%emt 0:00:02]} 10. O-O {[%emt 0:00:08]} b6 {[%emt 0:00:10]} 11. Bb3 {[%emt 0:02:10]} Na5 {[%emt 0:00:10]} 12. Bc2 {[%emt 0:00:17]} Bb7 {[%emt 0:00:09]} 13. Ne5 {[%emt 0:00:36]} Rc8 {[%emt 0:00:12]} 14. a3 {[%emt 0:00:40]} Nc6 {[%emt 0:01:31]} 15. Nf3 {[%emt 0:01:32]} Nd5 {[%emt 0:03:29]} 16. Nxd5 {[%emt 0:00:24]} Qxd5 {[%emt 0:00:05]} 17. Qd3 {[%emt 0:00:30]} Qh5 {[%emt 0:00:32]} 18. Rac1 {[%emt 0:02:33]} Rfd8 {[%emt 0:00:05]} 19. Rfd1 {[%emt 0:00:36]} Bf6 {[%emt 0:00:12]} 20. Qe3 {[%emt 0:00:53]} Nxd4 {[%emt 0:04:10]} 21. Be4 {[%emt 0:01:16]} Bxe4 {[%emt 0:01:19]} 22. Rxc8 {[%emt 0:01:46]} Rxc8 {[%emt 0:00:03]} 23. Qxe4 {[%emt 0:00:16]} Nxf3+ {[%emt 0:00:18]} 24. gxf3 {[%emt 0:00:45]} Qg6+ {[%emt 0:00:54]} 25. Qxg6 {[%emt 0:00:03]} hxg6 {[%emt 0:00:01]} 26. Rd7 {[%emt 0:00:13]} Bxb2 {[%emt 0:00:15]} 27. Rxa7 {[%emt 0:00:02]} Rc3 {[%emt 0:00:14]} 28. a4 {[%emt 0:00:49]} Rb3 {[%emt 0:02:29]} 29. Be3 {[%emt 0:01:10]} Bc3 {[%emt 0:00:02]} 30. Ra8+ {[%emt 0:01:23]} Kh7 {[%emt 0:00:01]} 31. Rc8 {[%emt 0:00:03]} Ba5 {[%emt 0:00:28]} 32. Rc4 {[%emt 0:00:03]} f6 {[%emt 0:00:59]} 33. f4 {[%emt 0:00:05]} Ra3 {[%emt 0:00:34]} 34. Re4 {[%emt 0:00:40]} Kg8 {[%emt 0:00:50]} 35. Rxe6 {[%emt 0:00:23]} Rxa4 {[%emt 0:00:02]} 36. Bxb6 {[%emt 0:00:09]} Bxb6 {[%emt 0:00:20]} 37. Rxb6 {[%emt 0:00:01]} Rxf4 {[%emt 0:00:02]} 38. Kg2 {[%emt 0:00:08]} g5 {[%emt 0:00:00]} 39. Rb7 {[%emt 0:00:07]} Kh7 {[%emt 0:00:02]} 40. h3 {[%emt 0:00:09]} g4 {[%emt 0:00:18]} 41. hxg4 {[%emt 0:00:13]} Rxg4+ {[%emt 0:00:01]} 42. Kf3 {[%emt 0:00:05]} Ra4 {[%emt 0:00:01]} 43. Rc7 {[%emt 0:00:03]} Kg6 {[%emt 0:00:04]} 44. Rb7 {[%emt 0:00:01]} Ra3+ {[%emt 0:00:02]} 45. Kg2 {[%emt 0:00:04]} Rc3 {[%emt 0:00:02]} 46. Ra7 {[%emt 0:00:01]} Kh6 {[%emt 0:00:02]} 47. Rb7 {[%emt 0:00:02]} g6 {[%emt 0:00:04]} 48. Ra7 {[%emt 0:00:01]} Kg5 {[%emt 0:00:02]} 49. Ra6 {[%emt 0:00:10]} Rb3 {[%emt 0:00:07]} 50. Rc6 {[%emt 0:00:02]} f5 {[%emt 0:00:01]} 51. Rd6 {[%emt 0:00:02]} Kh5 {[%emt 0:00:02]} 52. Rf6 {[%emt 0:00:13]} Ra3 {[%emt 0:00:05]} 53. Kh2 {[%emt 0:00:10]} Ra5 {[%emt 0:01:09]} 54. Kg2 {[%emt 0:00:04]} g5 {[%emt 0:00:07]} 55. Rf8 {[%emt 0:00:16]} Kg4 {[%emt 0:00:04]} 56. Rf7 {[%emt 0:00:16]} Ra3 {[%emt 0:00:16]} 57. Rb7 {[%emt 0:00:33]} Kh4 {[%emt 0:00:17]} 58. Rh7+ {[%emt 0:00:06]} Kg4 {[%emt 0:00:01]} 59. Rb7 {[%emt 0:00:02]} Ra4 {[%emt 0:00:20]} 60. Rb3 {[%emt 0:00:06]} f4 {[%emt 0:00:24]} 61. Rc3 {[%emt 0:00:02]} Rb4 {[%emt 0:00:02]} 62. Ra3 {[%emt 0:00:01]} Rc4 {[%emt 0:00:01]} 63. Rb3 {[%emt 0:00:01]} Rc2 {[%emt 0:00:23]} 64. Ra3 {[%emt 0:00:04]} Re2 {[%emt 0:00:03]} 65. Rb3 {[%emt 0:00:06]} Kf5 {[%emt 0:00:28]} 66. Rb5+ {[%emt 0:00:16]} Re5 {[%emt 0:00:01]} 67. Rb8 {[%emt 0:00:02]} Re2 {[%emt 0:00:22]} 68. Kf3 {[%emt 0:00:32]} Re6 {[%emt 0:00:08]} 69. Rf8+ {[%emt 0:01:22]} Rf6 {[%emt 0:00:12]} 70. Rg8 {[%emt 0:00:02]} Rf7 {[%emt 0:00:05]} 71. Kg2 {[%emt 0:00:15]} g4 {[%emt 0:00:30]} 72. Ra8 {[%emt 0:00:03]} Kg5 {[%emt 0:00:11]} 73. Rg8+ {[%emt 0:00:05]} Kf5 {[%emt 0:00:01]} 74. Ra8 {[%emt 0:00:02]} Rf6 {[%emt 0:00:18]} 75. Rb8 {[%emt 0:00:26]} Kg5 {[%emt 0:00:09]} 76. Rc8 {[%emt 0:00:13]} Rf5 {[%emt 0:00:13]} 77. Rh8 {[%emt 0:00:25]} Rd5 {[%emt 0:00:01]} 78. Rh7 {[%emt 0:00:19]} Rd2 {[%emt 0:00:21]} 79. Kg1 {[%emt 0:00:13]} Rd1+ {[%emt 0:00:18]} 80. Kh2 {[%emt 0:00:10]} Rd2 {[%emt 0:00:01]} 81. Kg1 {[%emt 0:00:04]} Kf5 {[%emt 0:00:11]} 82. Rg7 {[%emt 0:00:15]} f3 {[%emt 0:00:07]} 83. Rf7+ {[%emt 0:00:13]} Kg6 {[%emt 0:00:01]} 84. Rf8 {[%emt 0:00:02]} Rc2 {[%emt 0:00:22]} 85. Rf4 {[%emt 0:00:15]} Kg5 {[%emt 0:00:01]} 86. Rf8 {[%emt 0:00:01]} Rc6 {[%emt 0:00:24]} 87. Kh2 {[%emt 0:00:23]} Rh6+ {[%emt 0:00:02]} 88. Kg1 {[%emt 0:00:01]} Rh5 {[%emt 0:00:15]} 89. Rg8+ {[%emt 0:00:14]} Kh4 {[%emt 0:00:11]} 90. Kh2 {[%emt 0:00:14]} Rh7 {[%emt 0:00:07]} 91. Rg6 {[%emt 0:00:08]} Re7 {[%emt 0:00:02]} 92. Rg8 {[%emt 0:00:10]} Re6 {[%emt 0:00:28]} 93. Rg7 {[%emt 0:00:13]} Rd6 {[%emt 0:00:02]} 94. Rg8 {[%emt 0:00:03]} Rd1 {[%emt 0:00:24]} 95. Rh8+ {[%emt 0:00:11]} Kg5 {[%emt 0:00:01]} 96. Rg8+ {[%emt 0:00:01]} Kf5 {[%emt 0:00:01]} 97. Rf8+ {[%emt 0:00:09]} Ke4 {[%emt 0:00:01]} 98. Rg8 {[%emt 0:00:11]} Kd3 {[%emt 0:00:19]} 99. Re8 {[%emt 0:00:25]} Rf1 {[%emt 0:00:26]} 100. Kg3 {[%emt 0:00:03]} Rg1+ {[%emt 0:00:01]} 101. Kf4 {[%emt 0:00:11]} Rg2 {[%emt 0:00:01]} 102. Re7 {[%emt 0:00:12]} Rxf2 {[%emt 0:00:28]} 103. Kxg4 {[%emt 0:00:06]} Re2 {[%emt 0:00:10]} 104. Rf7 {[%emt 0:00:11]} f2 {[%emt 0:00:04]} 105. Kg3 {[%emt 0:00:07]} Ke3 {[%emt 0:00:02]} 106. Rf3+ {[%emt 0:00:06]} Ke4 {[%emt 0:00:02]} 1/2-1/2

[Event "EIRCC 2019"]
[Site "Tallinn"]
[Date "2019.12.06"]
[Round "11.23"]
[White "Krutti, Valer"]
[Black "Kozak, Adam"]
[Result "0-1"]
[WhiteElo "2370"]
[BlackElo "2240"]
[Annotator "RC"]
[PlyCount "132"]
[EventDate "2019.12.05"]
[EventType "swiss"]
[EventCountry "EST"]
[SourceTitle "playchess.com"]
[Source "ChessBase"]
[SourceQuality "1"]
[TimeControl "900+10"]

1. d4 {[%emt 0:00:00]} Nf6 {[%emt 0:00:00]} 2. c4 {[%emt 0:00:00]} e6 {[%emt 0:00:00]} 3. Nf3 {[%emt 0:00:01]} d5 {[%emt 0:00:03]} 4. g3 {[%emt 0:00:05]} Bb4+ {[%emt 0:00:01]} 5. Bd2 {[%emt 0:00:02]} Be7 {[%emt 0:00:02]} 6. Bg2 {[%emt 0:00:02]} O-O {[%emt 0:00:03]} 7. O-O {[%emt 0:00:03]} c6 {[%emt 0:00:01]} 8. Qc2 {[%emt 0:00:02]} Nbd7 {[%emt 0:00:01]} 9. Rd1 {[%emt 0:00:16]} b6 {[%emt 0:00:10]} 10. b3 {[%emt 0:00:16]} Ba6 {[%emt 0:00:25]} 11. a4 {[%emt 0:00:04]} c5 {[%emt 0:00:15]} 12. a5 {[%emt 0:00:24]} Rc8 {[%emt 0:00:02]} 13. axb6 {[%emt 0:00:02]} Qxb6 {[%emt 0:00:01]} 14. Ba5 {[%emt 0:00:17]} Qb8 {[%emt 0:00:39]} 15. Nbd2 {[%emt 0:00:40]} cxd4 {[%emt 0:00:29]} 16. Nxd4 {[%emt 0:00:06]} Bc5 {[%emt 0:00:38]} 17. e3 {[%emt 0:00:13]} Bb7 {[%emt 0:00:58]} 18. Bc3 {[%emt 0:00:45]} dxc4 {[%emt 0:02:03]} 19. Nxc4 {[%emt 0:01:27]} Bxg2 {[%emt 0:00:25]} 20. Kxg2 {[%emt 0:00:02]} Qb7+ {[%emt 0:00:26]} 21. Kg1 {[%emt 0:00:29]} Nd5 {[%emt 0:02:07]} 22. Bb2 {[%emt 0:03:09]} N7f6 {[%emt 0:00:10]} 23. Ba3 {[%emt 0:00:48]} Nb4 {[%emt 0:01:35]} 24. Bxb4 {[%emt 0:00:54]} Bxb4 {[%emt 0:00:41]} 25. Ne2 {[%emt 0:00:05]} Bc5 {[%emt 0:00:39]} 26. Nc3 {[%emt 0:00:17]} h5 {[%emt 0:00:24]} 27. Rab1 {[%emt 0:02:27]} Qf3 {[%emt 0:02:11]} 28. Ne5 {[%emt 0:00:59]} Qb7 {[%emt 0:00:12]} 29. Nc4 {[%emt 0:00:02]} Bb4 {[%emt 0:00:48]} 30. Ne2 {[%emt 0:00:17]} Ne4 {[%emt 0:01:12]} 31. h4 {[%emt 0:00:20]} Nf6 {[%emt 0:00:45]} 32. Nf4 {[%emt 0:00:09]} Qb5 {[%emt 0:00:26]} 33. Qd3 {[%emt 0:00:17]} Rb8 {[%emt 0:00:43]} 34. Qd4 {[%emt 0:00:45]} a5 {[%emt 0:00:12]} 35. Kg2 {[%emt 0:00:34]} Qc6+ {[%emt 0:00:17]} 36. f3 {[%emt 0:00:07]} Bc5 {[%emt 0:00:32]} 37. Qd3 {[%emt 0:00:57]} Qc7 {[%emt 0:00:39]} 38. e4 {[%emt 0:00:31]} Rfd8 {[%emt 0:00:07]} 39. Qc2 {[%emt 0:00:03]} Bd4 {[%emt 0:00:47]} 40. Ne2 {[%emt 0:00:18]} Bc5 {[%emt 0:00:04]} 41. Rxd8+ {[%emt 0:00:29]} Rxd8 {[%emt 0:00:02]} 42. Rd1 {[%emt 0:00:02]} Rb8 {[%emt 0:00:31]} 43. Nf4 {[%emt 0:00:43]} Bf8 {[%emt 0:00:01]} 44. Qc3 {[%emt 0:01:07]} Rb5 {[%emt 0:00:17]} 45. Ra1 {[%emt 0:00:34]} Qb8 {[%emt 0:00:11]} 46. Qc2 {[%emt 0:01:08]} Rxb3 {[%emt 0:00:11]} 47. Rxa5 {[%emt 0:00:16]} Rb4 {[%emt 0:00:03]} 48. Ra4 {[%emt 0:00:06]} Rb1 {[%emt 0:00:12]} 49. Ne2 {[%emt 0:00:14]} Nd7 {[%emt 0:00:09]} 50. Ra2 {[%emt 0:00:01]} Rb4 {[%emt 0:00:13]} 51. Nd2 {[%emt 0:00:18]} Ne5 {[%emt 0:00:06]} 52. Nf4 {[%emt 0:00:04]} g6 {[%emt 0:00:01]} 53. Nd3 {[%emt 0:00:09]} Nxd3 {[%emt 0:00:21]} 54. Qxd3 {[%emt 0:00:02]} Bd6 {[%emt 0:00:01]} 55. Nf1 {[%emt 0:00:15]} Rb3 {[%emt 0:00:06]} 56. Qd2 {[%emt 0:00:08]} Be5 {[%emt 0:00:27]} 57. Qe2 {[%emt 0:00:20]} Bd4 {[%emt 0:00:07]} 58. Rd2 {[%emt 0:00:10]} e5 {[%emt 0:00:01]} 59. Ra2 {[%emt 0:00:09]} Rb1 {[%emt 0:00:09]} 60. Qc2 {[%emt 0:00:09]} Kg7 {[%emt 0:00:09]} 61. Qe2 {[%emt 0:00:15]} Rc1 {[%emt 0:00:08]} 62. g4 {[%emt 0:00:02]} Qb1 {[%emt 0:00:12]} 63. Rd2 {[%emt 0:00:01]} Re1 {[%emt 0:00:16]} 64. Qd3 {[%emt 0:00:12]} Qxd3 {[%emt 0:00:07]} 65. Rxd3 {[%emt 0:00:01]} hxg4 {[%emt 0:00:01]} 66. fxg4 {[%emt 0:00:06]} Rxe4 0-1

[Event "EIRCC 2019"]
[Site "Tallinn"]
[Date "2019.12.06"]
[Round "11.24"]
[White "Lazavik, Denis"]
[Black "Potapov, Alexander"]
[Result "1-0"]
[WhiteElo "2201"]
[BlackElo "2359"]
[Annotator "RC"]
[PlyCount "177"]
[EventDate "2019.12.05"]
[EventType "swiss"]
[EventCountry "EST"]
[SourceTitle "playchess.com"]
[Source "ChessBase"]
[SourceQuality "1"]
[TimeControl "900+10"]

1. d4 {[%emt 0:00:00]} f5 {[%emt 0:00:00]} 2. Nf3 {[%emt 0:00:00]} d6 {[%emt 0:00:02]} 3. g3 {[%emt 0:00:04]} Nf6 {[%emt 0:00:01]} 4. Bg2 {[%emt 0:00:02]} g6 {[%emt 0:00:01]} 5. O-O {[%emt 0:00:04]} Bg7 {[%emt 0:00:02]} 6. b3 {[%emt 0:00:02]} O-O {[%emt 0:00:03]} 7. Bb2 {[%emt 0:00:02]} Ne4 {[%emt 0:00:38]} 8. Nbd2 {[%emt 0:00:23]} Nc6 {[%emt 0:00:06]} 9. Ne1 {[%emt 0:00:27]} Nxd2 {[%emt 0:03:21]} 10. Qxd2 {[%emt 0:00:02]} e5 {[%emt 0:00:01]} 11. Bd5+ {[%emt 0:00:07]} Kh8 {[%emt 0:00:01]} 12. Bxc6 {[%emt 0:00:02]} bxc6 {[%emt 0:00:01]} 13. dxe5 {[%emt 0:00:04]} f4 {[%emt 0:01:40]} 14. Nf3 {[%emt 0:04:42]} Bg4 {[%emt 0:00:55]} 15. c4 {[%emt 0:02:13]} Bxf3 {[%emt 0:01:19]} 16. exf3 {[%emt 0:00:03]} dxe5 {[%emt 0:00:01]} 17. Qe2 {[%emt 0:00:07]} Qf6 {[%emt 0:00:58]} 18. Rad1 {[%emt 0:00:23]} Rad8 {[%emt 0:02:27]} 19. Kg2 {[%emt 0:00:12]} fxg3 {[%emt 0:01:11]} 20. fxg3 {[%emt 0:00:08]} Qf5 {[%emt 0:02:29]} 21. Qe4 {[%emt 0:00:22]} Kg8 {[%emt 0:00:17]} 22. Ba3 {[%emt 0:00:30]} Rfe8 {[%emt 0:00:21]} 23. Bc5 {[%emt 0:00:29]} a6 {[%emt 0:00:13]} 24. Bf2 {[%emt 0:00:43]} Qxe4 {[%emt 0:00:12]} 25. fxe4 {[%emt 0:00:02]} Bf8 {[%emt 0:00:10]} 26. Kf3 {[%emt 0:00:48]} Kf7 {[%emt 0:00:15]} 27. Ke2 {[%emt 0:00:07]} Ke6 {[%emt 0:00:01]} 28. Rxd8 {[%emt 0:00:10]} Rxd8 {[%emt 0:00:01]} 29. Rd1 {[%emt 0:00:02]} Rb8 {[%emt 0:00:11]} 30. Rd3 {[%emt 0:00:08]} h5 {[%emt 0:00:18]} 31. h3 {[%emt 0:00:15]} a5 {[%emt 0:00:01]} 32. a4 {[%emt 0:00:25]} Bb4 {[%emt 0:00:07]} 33. Be3 {[%emt 0:00:04]} Rf8 {[%emt 0:01:03]} 34. Bg5 {[%emt 0:00:58]} Bc5 {[%emt 0:00:47]} 35. Rf3 {[%emt 0:00:13]} Rxf3 {[%emt 0:00:49]} 36. Kxf3 {[%emt 0:00:02]} Bb4 {[%emt 0:00:02]} 37. Ke2 {[%emt 0:00:04]} Kd6 {[%emt 0:00:06]} 38. Be3 {[%emt 0:00:05]} c5 {[%emt 0:00:28]} 39. Kf3 {[%emt 0:00:15]} Ke6 {[%emt 0:00:02]} 40. Bg5 {[%emt 0:00:04]} c6 {[%emt 0:00:04]} 41. g4 {[%emt 0:00:13]} hxg4+ {[%emt 0:00:11]} 42. Kxg4 {[%emt 0:00:09]} Be1 {[%emt 0:00:08]} 43. Bd8 {[%emt 0:00:06]} Bd2 {[%emt 0:00:24]} 44. Bb6 {[%emt 0:00:05]} Kd6 {[%emt 0:00:01]} 45. Bd8 {[%emt 0:00:31]} Kd7 {[%emt 0:00:10]} 46. Bh4 {[%emt 0:00:03]} Ke6 {[%emt 0:00:22]} 47. Bf2 {[%emt 0:00:02]} Kd6 {[%emt 0:00:02]} 48. h4 {[%emt 0:00:08]} Ke6 {[%emt 0:00:25]} 49. Bxc5 {[%emt 0:00:03]} Kf6 {[%emt 0:00:03]} 50. Bf2 {[%emt 0:00:20]} Ke6 {[%emt 0:00:04]} 51. Kf3 {[%emt 0:00:26]} Kd6 {[%emt 0:00:32]} 52. Kg3 {[%emt 0:01:26]} Ke6 {[%emt 0:00:12]} 53. Kg4 {[%emt 0:00:02]} Kd6 {[%emt 0:00:10]} 54. Kf3 {[%emt 0:00:11]} Bc3 {[%emt 0:00:14]} 55. Ke2 {[%emt 0:00:59]} Bb4 {[%emt 0:00:02]} 56. Be3 {[%emt 0:01:36]} Bc3 {[%emt 0:00:05]} 57. Kf3 {[%emt 0:00:02]} Ke6 {[%emt 0:00:13]} 58. Kg4 {[%emt 0:00:04]} Kf6 {[%emt 0:00:22]} 59. Bb6 {[%emt 0:02:17]} Bd2 {[%emt 0:00:08]} 60. Bc7 {[%emt 0:00:02]} Ke6 {[%emt 0:00:06]} 61. Bd8 {[%emt 0:00:52]} Bc3 {[%emt 0:00:16]} 62. Kg5 {[%emt 0:00:16]} Kf7 {[%emt 0:00:01]} 63. Bb6 {[%emt 0:00:19]} Bd2+ {[%emt 0:00:01]} 64. Kg4 {[%emt 0:00:02]} Ke6 {[%emt 0:00:01]} 65. h5 {[%emt 0:00:21]} gxh5+ {[%emt 0:00:01]} 66. Kxh5 {[%emt 0:00:01]} Bb4 {[%emt 0:00:05]} 67. Be3 {[%emt 0:00:04]} Bc3 {[%emt 0:00:02]} 68. Kg4 {[%emt 0:00:02]} Bb4 {[%emt 0:00:06]} 69. Kf3 {[%emt 0:00:01]} Kd6 {[%emt 0:00:08]} 70. Ke2 {[%emt 0:00:04]} Bc3 {[%emt 0:00:07]} 71. Kd3 {[%emt 0:00:08]} Bb4 {[%emt 0:00:05]} 72. Bh6 {[%emt 0:00:41]} Be1 {[%emt 0:00:41]} 73. Bf8+ {[%emt 0:00:04]} Kd7 {[%emt 0:00:19]} 74. Ba3 {[%emt 0:00:14]} Kc7 {[%emt 0:00:12]} 75. c5 {[%emt 0:00:25]} Bf2 {[%emt 0:00:24]} 76. Bb2 {[%emt 0:00:06]} Bxc5 {[%emt 0:00:08]} 77. Bxe5+ {[%emt 0:00:02]} Kd7 {[%emt 0:00:08]} 78. Kc4 {[%emt 0:00:01]} Bb6 {[%emt 0:00:01]} 79. Bd4 {[%emt 0:00:02]} Bc7 {[%emt 0:00:13]} 80. Kc5 {[%emt 0:00:17]} Bd8 {[%emt 0:00:09]} 81. e5 {[%emt 0:00:10]} Be7+ {[%emt 0:00:26]} 82. Kb6 {[%emt 0:00:06]} Bb4 {[%emt 0:00:01]} 83. e6+ {[%emt 0:00:25]} Kxe6 {[%emt 0:00:04]} 84. Kxc6 {[%emt 0:00:01]} Bd2 {[%emt 0:00:12]} 85. Bb6 {[%emt 0:00:02]} Be1 {[%emt 0:00:06]} 86. Kb5 {[%emt 0:00:02]} Kd7 {[%emt 0:00:01]} 87. Bxa5 {[%emt 0:00:02]} Bh4 {[%emt 0:00:07]} 88. Ka6 {[%emt 0:00:11]} Bf2 {[%emt 0:00:27]} 89. Kb7 {[%emt 0:00:03]} 1-0

[Event "EIRCC 2019"]
[Site "Tallinn"]
[Date "2019.12.06"]
[Round "11.25"]
[White "Sharankov, Grigory"]
[Black "Demidov, Mikhail"]
[Result "0-1"]
[WhiteElo "2328"]
[BlackElo "2635"]
[Annotator "TA"]
[PlyCount "90"]
[EventDate "2019.12.05"]
[EventType "swiss"]
[EventCountry "EST"]
[SourceTitle "playchess.com"]
[Source "ChessBase"]
[SourceQuality "1"]

{[%evp 14,90,16,18,15,13,17,25,28,-40,0,-10,-11,-12,-30,-32,0,-14,90,-64,-61,-72,-47,-75,-64,-74,-56,-56,-23,-24,-41,-43,0,-23,-29,-41,-17,-129,-116,-560,0,-119,-46,-361,-333,-706,-697,-616,-444,-419,-225,-217,-232,-213,-213,-211,-195,-245,-239,-241,-246,-303,-293,-495,-478,-588,-554,-591,-358,-351,-345,-343,-345,-317,-291,-2839,-2389,-1806,-1539]} 1. d4 g6 2. Nf3 Bg7 3. e4 a6 4. a4 d6 5. h3 Nf6 6. Nc3 O-O 7. Be3 Nc6 8. Qd2 e5 {B08: Pirc Defence: Classical System} (8... b6 9. Rd1 Bb7 10. Be2 Nb4 11. O-O a5 12. e5 dxe5 13. Nxe5 Qc8 14. Rc1 Nd7 15. f4 Rd8 16. Bc4 {½-½ (34) Petr,M (2523)-Schlosser,P (2599) Pardubice 2011}) 9. d5 Ne7 10. g4 c6 {White has an edge.} 11. g5 ({White should try} 11. dxc6 $1 $11 Nxc6 12. O-O-O) 11... Ne8 12. dxc6 $146 ({Predecessor:} 12. O-O-O c5 13. h4 b5 14. axb5 axb5 15. Bxb5 Ra1+ 16. Nb1 {½-½ (49) Kuipers,S (2343)-Ootes,L (2219) Venlo 2009}) 12... bxc6 13. a5 Be6 14. Na4 d5 {Threatens to win with ...d4.} 15. Bb6 Qc8 (15... Nc7 $11) 16. Nc5 $2 ({White should play} 16. Qb4 $16 dxe4 17. Qxe7) 16... Nd6 $15 17. Qb4 dxe4 18. Nxe6 Qxe6 19. Nd2 $1 Nd5 20. Qc5 Rfc8 21. h4 e3 22. fxe3 e4 23. c3 Nf5 $36 {[%mdl 2048] White is under pressure.} 24. Bh3 Rab8 25. Qc4 (25. Rf1 $11 {keeps the balance.}) 25... Qe5 $17 26. Bxf5 $4 {[%mdl 8192]} (26. O-O-O $17 Ndxe3 27. Qxe4 Nxd1 28. Rxd1) 26... gxf5 $2 (26... Qg3+ $19 27. Kf1 gxf5 {[%mdl 64] Remove Defender}) 27. Rh3 (27. O-O-O $11 {remains equal.}) 27... Qe6 (27... Nxb6 $17 28. axb6 Rxb6) 28. Qxa6 $2 {[%mdl 8192]} (28. O-O-O $15) 28... f4 $19 29. Rh1 $2 (29. Qf1 fxe3 30. Nc4) 29... fxe3 30. Nf1 Ra8 31. Qc4 Nxb6 (31... Qf5 $142 {aiming for ...Qf2+.} 32. Qe2 Nxb6 {[%mdl 64] Pin} 33. Nxe3 Qc5) 32. Qxe6 fxe6 33. Nxe3 Nd5 34. Nc4 Rcb8 35. O-O-O Rb5 {Strongly threatening ...Rc5.} 36. Rhe1 {[#]} e3 $1 37. Nxe3 Rbxa5 38. Nc4 $2 (38. Nxd5 exd5 39. Re6) 38... Ra4 39. Nd6 Rxh4 {...Rh2 is the strong threat.} 40. Rxe6 Rh2 {[%cal Ra8a1] [#]} 41. Rd2 Rxd2 42. Kxd2 Rd8 43. Kc2 Nf4 44. Re8+ $2 (44. Re4) 44... Rxe8 45. Nxe8 Be5 {Accuracy: White = 24%, Black = 50%.} 0-1

[Event "EIRCC 2019"]
[Site "Tallinn"]
[Date "2019.12.06"]
[Round "11.26"]
[White "Saveliev, Alexei"]
[Black "Sanal, Vahap"]
[Result "0-1"]
[WhiteElo "2312"]
[BlackElo "2597"]
[Annotator "ChessBase"]
[PlyCount "56"]
[EventDate "2019.12.05"]
[EventType "swiss"]
[EventCountry "EST"]
[SourceTitle "playchess.com"]
[Source "ChessBase"]
[SourceQuality "1"]
[TimeControl "900+10"]

1. e4 {[%emt 0:00:00]} e5 {[%emt 0:00:01]} 2. Nf3 {[%emt 0:00:00]} Nc6 {[%emt 0:00:01]} 3. Bb5 {[%emt 0:00:00]} a6 {[%emt 0:00:07]} 4. Ba4 {[%emt 0:00:00]} Nf6 {[%emt 0:00:01]} 5. O-O {[%emt 0:00:02]} Be7 {[%emt 0:00:02]} 6. Re1 {[%emt 0:00:01]} b5 {[%emt 0:00:01]} 7. Bb3 {[%emt 0:00:01]} O-O {[%emt 0:00:02]} 8. a4 {[%emt 0:00:08]} Bb7 {[%emt 0:00:10]} 9. d3 {[%emt 0:00:47]} d6 {[%emt 0:00:08]} 10. c3 {[%emt 0:00:11]} Na5 {[%emt 0:00:04]} 11. Bc2 {[%emt 0:00:01]} c5 {[%emt 0:00:01]} 12. Nbd2 {[%emt 0:00:06]} Nc6 {[%emt 0:00:03]} 13. Nf1 {[%emt 0:00:32]} Re8 {[%emt 0:00:04]} 14. Ng3 {[%emt 0:01:11]} g6 {[%emt 0:00:16]} 15. d4 {[%emt 0:01:43]} cxd4 {[%emt 0:00:05]} 16. cxd4 {[%emt 0:00:01]} Nxd4 {[%emt 0:00:04]} 17. Nxd4 {[%emt 0:00:02]} exd4 {[%emt 0:00:01]} 18. Qxd4 {[%emt 0:01:26]} Rc8 {[%emt 0:00:01]} 19. Bd3 {[%emt 0:01:36]} d5 {[%emt 0:00:03]} 20. axb5 {[%emt 0:07:17]} Bc5 {[%emt 0:00:27]} 21. Qa4 {[%emt 0:00:00]} dxe4 {[%emt 0:00:47]} 22. Be2 {[%emt 0:01:39]} Qb6 {[%emt 0:01:21]} 23. Rf1 {[%emt 0:00:08]} a5 {[%emt 0:00:26]} 24. Bg5 {[%emt 0:00:32]} e3 {[%emt 0:00:55]} 25. fxe3 {[%emt 0:00:31]} Bxe3+ {[%emt 0:00:01]} 26. Bxe3 {[%emt 0:00:07]} Qxe3+ {[%emt 0:00:03]} 27. Kh1 {[%emt 0:00:04]} Ne4 {[%emt 0:00:23]} 28. Bf3 {[%emt 0:00:35]} Nf2+ {[%emt 0:00:12]} 0-1